Представление документа в формате MARC21

Поле Инд. ПП Название Значение
Тип записи a
Библиографический уровень m
001 Контрольный номер 370331ed-d175-4710-80d2-ce77ebcadd81
005 Дата корректировки 20140226180315.8
008 Кодируемые данные 010710s1986 rur a 000u 0rus d
020 c Цена, тираж 1.00
040 a Служба первич. каталог. RU-RKP
a Служба первич. каталог. НБ ТвГУ
041 a Код языка текста rus
080 a Индекс УДК 612.741.61.06:612.766.1
084 a Индекс другой классификации/Индекс ББК Е982
090 x Авторский знак А81
a Полочн. индекс Е982
092 a 34.39
100 1_ a Автор Аринчин Николай Иванович
245 00 a Заглавие Микронасосная деятельность скелетных мышц при их растяжении
c Ответственность Н. И. Аринчин, Г. Ф. Борисевич; АН БССР, Ин-т физиологии
260 0_ a Место издания Минск
b Издательство Наука и техника
c Дата издания 1986
300 a Объем 110,[2] с.
b Иллюстрации/ тип воспроизводства ил.
c Размеры 22 см
504 a Библиография Библиогр.: с. 97-111.
650 a Основная рубрика Мышцы скелета
x Основная подрубрика Микроциркуляция и микроциркуляторная система
650 a Основная рубрика Кровообращение
x Основная подрубрика Влияние мышечной работы
700 1_ a Другие авторы Борисевич Галина Федоровна
e Роль лиц авт.
852 t Порядковый номер экземпляра 2
p Инвентарный номер 560074
p Инвентарный номер 560996
999 a Подразделение 2 Фил3